01392cam a22003135a 45000010009000000050017000090080041000260200018000670400033000850820020001181000029001382450136001672460122003032500012004252600058004373000034004955000027005295000024005565040042005806500039006226500046006616500028007076510010007356530024007459420008007699990017007779520143007949520141009371852740120201128023930.0150316t2016 nyua frb 001 0 eng d a9780814436615 aDLCbengcDLCdDLCdEG-ScBUE04a658.51222bPAG1 aPage, Susanq(Susan Ann)14aThe power of business process improvement :b10 simple steps to increase effectiveness, efficiency, and adaptability /cSusan Page.3 aThe power of business process improvement :bten simple steps to increase effectiveness, efficiency, and adaptability a2nd ed. aNew York :bAmerican Management Association,cc.2016. axiv, 370 p. :bill. ;c24 cm. aEarlier edition: 2010. aIndex : p. 361-370. aIncludes bibliographical references . 0aWorkflowxManagement.2BUEsh94787 7aOrganizational effectiveness.2BUEsh9891 7aManagement.2BUEsh9553 2BUEsh bBUSADMcOctober2016 2ddc c22798d22770 00102ddc40708AcademicaMAINbMAINc1STd2016-10-23ePurchaseg325.00h25846l0o658.51 PAGp000034455r2025-07-15 00:00:00v406.25yBB 00102ddc40708BaccahaMAINbMAINc1STd2016-11-27ePurchaseg325.00h25136l0o658.51 PAGp000045027r2025-07-15 00:00:00v406.25yBB